Seminario Internacional Corte Penal Internacional: (Registro nro. 91351)
[ vista simple ]
| 000 -ENCABEZADO | |
|---|---|
| Número de control [NR] | 01049nam a22002417a 4500 |
| 005 - FECHA Y HORA DE LA ÚLTIMA TRANSACCIÓN | |
| control field | 20260525115505.0 |
| 008 - DE LONGITUD FIJA DE DATOS DE ELEMENTOS - INFORMACIÓN GENERAL | |
| Elementos de longitud fija [NR] | 130821s2004 ck gr spa |
| 040 ## - FUENTE DE CATALOGACION [NR] | |
| Agencia de catalogación original [NR] | Co-BoUCM |
| Idioma de catalogación [NR] | spa |
| Quien Cataloga | Stefania Borbon (Modificó) |
| Quien Clasifica | [Nuevo] |
| 041 00 - CODIGO DE IDIOMA [R] | |
| Código de idioma para texto/pista de sonido o título separado [R] | Español |
| 111 2# - ASIENTO PRINCIPAL--NOMBRE DE REUNION [NR] | |
| Nombre de reunión o de jurisdicción como elemento de entrada [NR] | Seminario Internacional "Corte Penal Internacional" |
| 9 (RLIN) | 171661 |
| 245 10 - MENCION DE TITULO [NR] | |
| Título [NR] | Seminario Internacional Corte Penal Internacional: |
| Parte restante del título [NR] | instrumento de paz para Colombia, Memorias / |
| Mención de responsabilidad, etc. [NR] | diseño y diagramación Leonardo Herrera Almeida |
| 260 ## - PUBLICACION, DISTRIBUCION, ETC. (PIE DE IMPRENTA) [R] | |
| Lugar de publicación, distribución, etc. [R] | Bogotá (Colombia) |
| Nombre del editor, distribuidor, etc. [R] | Fundación País Libre; Konrad Adenauer Stiftung |
| Fecha de publicación, distribución, etc. [R] | 2004 |
| 300 ## - DESCRIPCION FISICA [R] | |
| Extensión [R] | 246 páginas |
| 610 #7 - ASIENTO SECUNDARIO DE MATERIA - NOMBRE CORPORATIVO [R] | |
| Nombre corporativo o nombre de la jurisdicción como elemento de entrada [NR] | Corte Penal Internacional |
| 9 (RLIN) | 4164 |
| 650 04 - ASIENTO SECUNDARIO DE MATERIA - TERMINO TEMATICO [R] | |
| Término temático o nombre geográfico como elemento de entrada [NR] | Conflicto armado |
| Subdivisión geográfica [R] | Colombia |
| 9 (RLIN) | 11565 |
| 650 04 - ASIENTO SECUNDARIO DE MATERIA - TERMINO TEMATICO [R] | |
| Término temático o nombre geográfico como elemento de entrada [NR] | Derecho penal |
| 9 (RLIN) | 12805 |
| 650 04 - ASIENTO SECUNDARIO DE MATERIA - TERMINO TEMATICO [R] | |
| Término temático o nombre geográfico como elemento de entrada [NR] | Derechos humanos |
| 9 (RLIN) | 7499 |
| 650 04 - ASIENTO SECUNDARIO DE MATERIA - TERMINO TEMATICO [R] | |
| Término temático o nombre geográfico como elemento de entrada [NR] | Derechos humanos |
| Subdivisión geográfica [R] | Colombia |
| 9 (RLIN) | 30252 |
| 650 04 - ASIENTO SECUNDARIO DE MATERIA - TERMINO TEMATICO [R] | |
| Término temático o nombre geográfico como elemento de entrada [NR] | Proceso de paz |
| Subdivisión general [R] | Legislación |
| Subdivisión geográfica [R] | Colombia |
| Subdivisión de forma [R] | Congresos, conferencias, etc. |
| 9 (RLIN) | 22379 |
| 700 1# - ASIENTO SECUNDARIO - NOMBRE PERSONAL [R] | |
| Nombre personal [NR] | Leonardo Herrera Almeida |
| 9 (RLIN) | 189415 |
| 942 ## - ELEMENTOS DE ENTRADA AGREGADOS (KOHA) | |
| Tipo de ítem principal el descrito en 300a | Libro |
| Tema principal | Ciencia política |
| Edición | 1 |
| Parte restante de la signatura top. | S471c |
| Sistema de clasificación | DEWEY |
| Clasificación | 341.77 |
| Fecha de último préstamo | Total préstamos | Total Renewals | Signatura topográfica | Código de barras | Última vez visto | Ejemplar | Price effective from | Tipo de ítem | Perdido | Sistema de clasificación | Dañado | No prestable | Tipo de ítem específico | Suprimido | Ubicación habitual | Ubicación actual | Localización | Fecha de creación | Forma de adquisición | Costo |
|---|---|---|---|---|---|---|---|---|---|---|---|---|---|---|---|---|---|---|---|---|
| 22/03/2018 | 13 | 1 | 341.77 S471c | 100074419 | 12/06/2026 | Ej.4 | 03/02/2013 | Libro | DEWEY | Libro | Claustro | Claustro | 3er piso | 28/02/2005 | Donación | 26000.00 |